00493nam a2200193 a 4500001001300000003000900013005001700022008004100039020001000080082001600090100002100106245003100127260004100158300000900199500003500208505001000243650002500253700002100278nice12345678IN_TiNIC20260116012330.0050524s0000 hyda grp 000 0 urd  ac10000a297.09bNIY aNiyaz, Fatehpuri aKhilafat Mkuawia-O-Yazeed. aHyderabadbAijaz Mission Pressc0000 a32p. aincludes index and biblioraphy2 aIndex aIslam-History-Muawia1 aNiyaz, Fatehpuri